| Tag |
First Indicator |
Second Indicator |
Subfields |
| LEADER |
00000cam a2200000 a 4500 |
| 001 |
in00001458430 |
| 005 |
20151021050809.0 |
| 008 |
920723s1993 tnua j 000 0 eng |
| 010 |
|
|
|a 92018200
|
| 020 |
|
|
|a 082498644X :
|c $12.95
|
| 020 |
|
|
|a 0824986075 :
|c $4.95
|
| 035 |
|
|
|a (OCoLC)26505142
|
| 035 |
|
|
|9 AJD5900AM
|
| 040 |
|
|
|a DLC
|c DLC
|d TXA
|d UtOrBLW
|
| 049 |
|
|
|a TXAM
|
| 050 |
0 |
0 |
|a QB46
|b .B49 1993
|
| 082 |
0 |
0 |
|a 523.8
|2 20
|
| 100 |
1 |
|
|a Berger, Melvin.
|
| 245 |
1 |
0 |
|a Where are the stars during the day? :
|b a book about stars /
|c by Melvin and Gilda Berger ; illustrated by Blanche Sims.
|
| 264 |
|
1 |
|a Nashville, Tenn. :
|b Ideals Children's Book,
|c [1993]
|
| 264 |
|
4 |
|c ©1993
|
| 300 |
|
|
|a 48 pages :
|b color illustrations ;
|c 23 cm.
|
| 336 |
|
|
|a text
|b txt
|2 rdacontent
|
| 337 |
|
|
|a unmediated
|b n
|2 rdamedia
|
| 338 |
|
|
|a volume
|b nc
|2 rdacarrier
|
| 490 |
1 |
|
|a Discovery readers
|
| 520 |
|
|
|a Basic information on our solar system, its components, their movements, and their likely history.
|
| 650 |
|
0 |
|a Astronomy
|v Juvenile literature.
|
| 650 |
|
1 |
|a Astronomy.
|
| 650 |
|
1 |
|a Solar system.
|
| 700 |
1 |
|
|a Berger, Gilda.
|
| 700 |
1 |
|
|a Sims, Blanche,
|e illustrator.
|
| 830 |
|
0 |
|a Discovery readers.
|
| 999 |
|
|
|a MARS
|
| 999 |
f |
f |
|s 7caa1bdd-0528-3ff2-8747-23e8277e985d
|i 15882a55-9e64-3794-b939-7eab81fabd1b
|t 0
|
| 952 |
f |
f |
|p normal
|a Texas A&M University
|b College Station
|c Sterling C. Evans Library
|d Evans: Curriculum Collection (4th floor)
|t 0
|e QB46 .B49 1993
|h Library of Congress classification
|i unmediated -- volume
|m A14822361796
|
| 998 |
f |
f |
|a QB46 .B49 1993
|t 0
|l Evans: Curriculum Collection (4th floor)
|